00867nam a2200193 a 450000100060000000300090000600800410001502000150005604000280007108200150009910000230011424502010013725000070033826000490034530000110039450501850040565000250059065000580061515211CO-ViMGA141112s2004 ck r 000 u spa d a9586354466 aCO-ViMGAbspacCO-ViMGA04a347.9 S6761 aSoto, Jose Vicente10aEl abogado para todos : bformulario práctico de derecho : bcivil, personas, familia, laboral, comercial, contratos civiles, administrativos, judicial, policia, minutas y disposiciones legales. a14 aBogotá, cLibreria del profesional, c2002 a417.p. aRegistro del estado civil de las personas Derecho de familia Derecho laboral Derecho comercial Contratos civiles Formulario administrativo Formulario judicial Formulario de policia14aFORMULARIO - DERECHO14aPRACTICA - LABORAL - CIVIL - POLICIA - ADMINISTRATIVA